| 000 | 00408nam a2200157 i 4500 | ||
|---|---|---|---|
| 001 | bg | ||
| 245 | 0 |
_aAutomatyczne przetwarzanie informacji : _bpraca zbiorowa / _cpod red. Zdzisława Hellwiga. |
|
| 250 | _aWyd.3 zm. | ||
| 260 |
_aWarszawa, _c1982. |
||
| 700 | 1 |
_aHellwig, Zdzisław. _eRed. |
|
| 040 | _cBPK | ||
| 041 | _apol | ||
| 080 | _a004 | ||
| 942 | _cKS | ||
| 008 | s pl f |000 0 pol | ||
| 999 |
_c20740 _d20740 |
||
| 856 |
_uhttp://koha.tu.koszalin.pl/cgi-bin/koha/opac-detail.pl?biblionumber=20740 _yKatalog online BPK |
||